Central Library OPAC University of Rajshahi

Landscape and soil / (Record no. 14925)

MARC details
000 -LEADER
fixed length control field 00639nam a22002292 4500
001 - CONTROL NUMBER
control field 14925
003 - CONTROL NUMBER IDENTIFIER
rucl marc code BD-RjUL
005 - DATE AND TIME OF LATEST TRANSACTION
control field 20211208235722.0
008 - FIXED-LENGTH DATA ELEMENTS--GENERAL INFORMATION
fixed length control field 140208s1963 xxk 000 0 eng d
035 ## - SYSTEM CONTROL NUMBER
System control number (BD-RjUL)14979
040 ## - CATALOGING SOURCE
Original cataloging agency UKM
Transcribing agency UKM
Modifying agency EQO
-- BD-RjUL
Language of cataloging eng
041 ## - LANGUAGE CODE
Language code of text/sound track or separate title eng
082 04 - DEWEY DECIMAL CLASSIFICATION NUMBER
Classification number 631.4
Edition number 18
Author mark and year VOL
100 1# - MAIN ENTRY--PERSONAL NAME
Personal name Voysey, Annesley.
9 (RLIN) 46472
245 10 - TITLE STATEMENT
Title Landscape and soil /
Statement of responsibility, etc. illlustrations by John Robinson.
260 ## - PUBLICATION, DISTRIBUTION, ETC. (IMPRINT)
Name of publisher, distributor, etc. Longmans ,
Date of publication, distribution, etc. 1963.
Place of publication, distribution, etc. London :
300 ## - PHYSICAL DESCRIPTION
Pagination 66 p. :
Illustrations ill. ;
Size 21 cm.
490 1# - SERIES STATEMENT
Series statement Rural education series
650 ## - SUBJECT ADDED ENTRY--TOPICAL TERM
Topical term or geographic name as entry element land-soil
9 (RLIN) 46473
830 #0 - SERIES ADDED ENTRY--UNIFORM TITLE
Uniform title Rural education series
942 ## - ADDED ENTRY ELEMENTS (KOHA)
Source of classification or shelving scheme Dewey Decimal Classification
Koha item type Books
Holdings
Lost status Source of classification or shelving scheme Damaged status Not for loan Collection code Permanent Location Current Location Shelving location Date acquired Source of acquisition Cost, normal purchase price Total Checkouts Full call number Date last seen Copy number Koha item type
  Dewey Decimal Classification   Not For Loan Non-fiction Central Library, University of Rajshahi Central Library, University of Rajshahi Reading Room 20/11/1965 Zeitlinger 6.00   631.4 VOL 1963 08/02/2014 C-1 Books